<?xml version="1.0" encoding="UTF-8"?>
<record
    xmlns:xsi="http://www.w3.org/2001/XMLSchema-instance"
    xsi:schemaLocation="http://www.loc.gov/MARC21/slim http://www.loc.gov/standards/marcxml/schema/MARC21slim.xsd"
    xmlns="http://www.loc.gov/MARC21/slim">

  <leader>01160nam a2200157   4500</leader>
  <controlfield tag="008">708 P892d</controlfield>
  <datafield tag="020" ind1=" " ind2=" ">
    <subfield code="a">9788445727010</subfield>
  </datafield>
  <datafield tag="082" ind1=" " ind2=" ">
    <subfield code="a">708</subfield>
    <subfield code="b">P892d</subfield>
  </datafield>
  <datafield tag="100" ind1=" " ind2=" ">
    <subfield code="a">Poyo, Txuspo</subfield>
    <subfield code="9">5744</subfield>
  </datafield>
  <datafield tag="245" ind1=" " ind2=" ">
    <subfield code="a">Delay Glass 18201046-L</subfield>
  </datafield>
  <datafield tag="260" ind1=" " ind2=" ">
    <subfield code="a">Pa&#xED;s Vasco</subfield>
    <subfield code="b">Servicios Central de Publicaciones del Gobierno Vasco</subfield>
    <subfield code="c">2008</subfield>
  </datafield>
  <datafield tag="300" ind1=" " ind2=" ">
    <subfield code="a">163 p.</subfield>
    <subfield code="b">ill (col)</subfield>
    <subfield code="c">21 x 15 cm</subfield>
  </datafield>
  <datafield tag="505" ind1=" " ind2=" ">
    <subfield code="t">Retardo en v&#xED;deo</subfield>
    <subfield code="t">Atzerapena Bideoan</subfield>
    <subfield code="t">Delay in v&#xED;deo</subfield>
    <subfield code="t">Delay Glass 1</subfield>
    <subfield code="t">Delay Glass 2</subfield>
    <subfield code="t">Texto Javier San Mart&#xED;n</subfield>
    <subfield code="t">"Vacaciones en el pasado"</subfield>
    <subfield code="t">Union d`intellectuels</subfield>
    <subfield code="t">&#xC9;tant donn&#xE9;s...</subfield>
    <subfield code="t">La novia desde abajo</subfield>
    <subfield code="t">Fracasos y mates</subfield>
    <subfield code="t">"Pour copie conforme"</subfield>
    <subfield code="t">La Mari&#xE9;e animada</subfield>
    <subfield code="t">An&#xE9;mico</subfield>
    <subfield code="t">ITZULPENAK</subfield>
    <subfield code="t">"Oporrak iraganean"</subfield>
    <subfield code="t">Union d&#xB4;intellectuels</subfield>
    <subfield code="t">&#xC9;tant donn&#xE9;s...</subfield>
    <subfield code="t">Andregaia behetik</subfield>
    <subfield code="t">Porrotak eta mateak</subfield>
    <subfield code="t">"Pour copie conforme"</subfield>
    <subfield code="t">La Mari&#xE9;e biziduna</subfield>
    <subfield code="t">An&#xE9;mikoa</subfield>
    <subfield code="t">TRANSLATIONS</subfield>
    <subfield code="t">"Holidays into de past"</subfield>
    <subfield code="t">Union d&#xB4;intellectuels</subfield>
    <subfield code="t">&#xC9;tant donn&#xE9;s...</subfield>
    <subfield code="t">The bride fom below</subfield>
    <subfield code="t">Failures and checkmates</subfield>
    <subfield code="t">"Pour copie conforme"</subfield>
    <subfield code="t">La Mari&#xE9;e in animated version</subfield>
    <subfield code="t">An&#xE9;mic</subfield>
    <subfield code="t">ASOCIACIONES LIBRES</subfield>
    <subfield code="t">CR&#xC9;DITOS</subfield>
  </datafield>
  <datafield tag="650" ind1=" " ind2=" ">
    <subfield code="x">arte contempor&#xE1;neo</subfield>
    <subfield code="x">arte - exhibiciones</subfield>
    <subfield code="x">Espa&#xF1;a</subfield>
    <subfield code="x">videoarte</subfield>
    <subfield code="9">6723</subfield>
  </datafield>
  <datafield tag="700" ind1=" " ind2=" ">
    <subfield code="a">San Mart&#xED;n, Francisco Javier</subfield>
    <subfield code="9">6724</subfield>
  </datafield>
  <datafield tag="999" ind1=" " ind2=" ">
    <subfield code="c">1635</subfield>
    <subfield code="d">1635</subfield>
  </datafield>
  <datafield tag="952" ind1=" " ind2=" ">
    <subfield code="0">0</subfield>
    <subfield code="1">0</subfield>
    <subfield code="2">ddc</subfield>
    <subfield code="4">0</subfield>
    <subfield code="7">0</subfield>
    <subfield code="a">LV</subfield>
    <subfield code="b">LV</subfield>
    <subfield code="c">Monograf&#xED;as</subfield>
    <subfield code="d">2018-10-13</subfield>
    <subfield code="l">0</subfield>
    <subfield code="o">708 P892d</subfield>
    <subfield code="p">000971</subfield>
    <subfield code="r">2018-10-13 00:00:00</subfield>
    <subfield code="w">2018-10-13</subfield>
    <subfield code="y">01</subfield>
  </datafield>
</record>
